Treaties and indigenous peoples: The Rob lectures 1991

Sparad:
Bibliografiska uppgifter
Huvudupphovsman: Brownlie, Ian (Författare, medförfattare)
Materialtyp: Bok
Språk:engelska
Publicerad: Oxford Clarendon Press 1992
Ämnen:
Taggar: Lägg till en tagg
Inga taggar, Lägg till första taggen!

MARC

LEADER 00000cam a2200000 a 4500
001 UCF3303
003 CL-VaPUC
008 121004e19920000UK |||||||||||||||||eng|d
020 |a 0198257163 
082 0 4 |a 323.11994  |b BRO  |2 21 
100 0 |a Brownlie, Ian  |e author  |9 565225 
245 1 0 |a Treaties and indigenous peoples: The Rob lectures 1991 
300 |a 105 p 
942 |c BK 
945 |d 20121004 00:00:00  |a dcastane 
260 |a Oxford  |b Clarendon Press  |c 1992 
650 7 |a COMUNIDADES INDIGENAS  |2 CL-VaPUC  |9 565226 
650 7 |a MAORIES  |2 CL-VaPUC  |9 512984 
650 7 |a HISTORIA DE OCEANIA  |2 CL-VaPUC  |9 565227 
583 |a last modification  |c 20121004 18:42:00  |k Rodrigo Vera 
999 |c 349738  |d 349736 
952 |0 0  |1 0  |4 0  |6 323_119940000000000_BRO_1992  |7 0  |8 A  |9 452507  |a BIBDER  |b BIBDER  |d 2019-11-22  |i 4912969  |o 323.11994 BRO 1992  |p 4912969  |r 2023-01-25  |w 2019-11-22  |y BK  |k DER